Statistics for Countries That Have Sent an Astronaut Into Space

Click here to take the quiz!

General Stats

  • This quiz has been taken 150 times
    (93 since last reset)
  • The average score is 26 of 40

Answer Stats

First YearFirst PersonCountry% Correct
1961Alan ShepardUnited States
97%
1991Helen SharmanUnited Kingdom
96%
1992Aleksandr Kaleri & Aleksandr ViktorenkoRussia
92%
1984Marc GarneauCanada
92%
1990Toyohiro AkiyamaJapan
91%
2003Yang LiweiChina
91%
1982Jean-Loup ChrétienFrance
86%
1992Franco MalerbaItaly
86%
1998Pedro DuqueSpain
85%
1984Rakesh SharmaIndia
85%
1961Yuri GagarinSoviet Union
85%
1985Rodolfo Neri VelaMexico
82%
2006Marcos PontesBrazil
82%
1978Mirosław HermaszewskiPoland
78%
2008Yi So-yeonSouth Korea
77%
2006Christer FulglesangSweden
77%
1991Franz ViehböckAustria
74%
1992Claude NicollierSwitzerland
73%
1985Wubbo OckelsNetherlands
68%
1992Dirk FrimoutBelgium
66%
1981Dumitru PrunariuRomania
65%
2002Mark ShuttleworthSouth Africa
64%
1980Bertalan FarkasHungary
64%
1979Georgi IvanovBulgaria
64%
2006Anousheh AnsariIran
62%
1997Leonid KadenyukUkraine
62%
2015Aidyn AimbetovKazakhstan
62%
2015Andreas MogensenDenmark
59%
2003Ilan RamonIsrael
55%
1985Sultan al-SaudSaudi Arabia
50%
1978Sigmund JähnEast Germany
49%
1978Vladimir RemekCzechoslovakia
47%
1983Ulf MerboldWest Germany
45%
1980Phạm TuânVietnam
41%
1980Arnaldo Tamayo MéndezCuba
38%
1981Jügderdemidiin GürragchaaMongolia
36%
1999Ivan BellaSlovakia
34%
2007Sheikh Muszaphar ShukorMalaysia
30%
1988Abdul Ahad MohmandAfghanistan
26%
1987Muhammed FarisSyria
22%

Score Distribution

Percentile by Number Answered

Percent of People with Each Score

Your Score History

You have not taken this quiz since the last reset